• 首页
  • 本馆介绍
  • 公告通知
  • 最新文献
  • 馆藏检索
  • 电子资源
  • 读者导购
  • 参考咨询
  • 我的图书馆
  • 登录
  • 详细信息显示
  • 放入我的书架
  • 预约/预借图书
  • 作者相关作品
  • 分类相关作品
  • 丛书相关作品
  • 出版社相关作品

书目信息

  • 表格格式
  • 工作单格式
  • 卡片格式
题名:
百喻经故事
    
 
作者: 雪峰 述
分册:  
出版信息: 北京   人民文学出版社  1980.10
页数: 104页
开本: 19cm
丛书名:
单 册:
中图分类: I276.3
科图分类:
主题词: 民间文学--中国
电子资源:
ISBN:
000 00533nam0 2200205 45
001 0204030870
005 20040413103759.5
010    @dCNY0.29
091    @a10019.3046
100    @a20020403d1980 km y0chiy0120 ea
101 0  @achi
105    @a z 000fy
200 1  @a百喻经故事@ABai Yu Jing Gu Shi@f雪峰述@FXue Feng Shu
210    @a北京@c人民文学出版社@d1980.10
215    @a104页@d19cm
606 0  @a民间文学@x中国
690    @aI276.3@v3
701  0 @a雪峰@4述
801    @aCN@bTSTC@c20020403
905    @dI276.3@e17@f2@b41035-036
    
    百喻经故事/雪峰述.-北京:人民文学出版社,1980.10
    104页;19cm
    
    
    ISBN :CNY0.29
    
●
相关链接 在E读中查询图书 在五车中查询图书 在当当中查询图书 在豆瓣中查询图书


正题名:百喻经故事     索取号:I276.3/17         预约/预借

序号 登录号 条形码 馆藏地/架位号 状态 备注
1 0041033   001779294   密集书库/ [索取号:I276.3/17] 在馆    
2 0041034   001779338   密集书库/ [索取号:I276.3/17] 在馆    
3 0041035   000037276   第二借阅区/ [索取号:I276.3/17] 在馆    
4 0041036   000037294   第二借阅区/ [索取号:I276.3/17] 在馆    
5 0041037   000037285   第一样本阅览室/ [索取号:I276.3/17] 在馆    
唐山师范学院图书馆 欢迎您!
大连网信软件有限公司© 版权所有